[Event "ARG-ch sf U2300 Grau Memorial"]
[Site "Jesus Maria"]
[Date "2018.03.30"]
[Round "2.3"]
[White "Vazquez, Juan Carlos"]
[Black "Baudagna, Rodrigo"]
[Result "0-1"]
[WhiteElo "1361"]
[BlackElo "1541"]
[PlyCount "84"]
[EventDate "2018.03.30"]
[EventType "swiss"]
[EventRounds "6"]
[EventCountry "ARG"]
[SourceTitle "EXT 2024"]
[Source "ChessBase"]
[SourceDate "2023.10.10"]
[SourceVersion "1"]
[SourceVersionDate "2023.10.10"]
[SourceQuality "1"]

1. e4 c5 2. Nc3 e6 3. f4 Nc6 4. Nf3 Nge7 5. Bb5 a6 6. Bxc6 Nxc6 7. 0-0 Be7 8. d3 0-0 9. e5 d6 10. Qe1 b5 11. Ne4 dxe5 12. fxe5 Nd4 13. Qf2 Nxf3+ 14. Qxf3 Rb8 15. Be3 Bb7 16. Qg4 Bxe4 17. dxe4 Qc7 18. Rad1 Rfd8 19. Qg3 Rxd1 20. Rxd1 Rd8 21. Rf1 Rd7 22. Bh6 Bf8 23. h3 Kh8 24. Be3 Qd8 25. Kh2 Qc7 26. Bf4 Qc6 27. Qe1 Kg8 28. Rf3 Rd4 29. Re3 Qd7 30. Qa5 Qb7 31. Qe1 Qd7 32. Qf2 Rd2 33. Re2 Rd4 34. c3 Rd3 35. Be3 Qc7 36. Qf4 c4 37. Bd4 Bc5 38. Rd2 Bxd4 39. cxd4 h6 40. Kg1 Qb6 41. Rxd3 cxd3 42. Qd2 Qxd4+ 0-1